000 00596cam a22002173a 4500
001 39254
003 PGUSA
005 20140828083855.0
008 120324s2012||||xxu|||||s|||||000 | eng d
040 _aPGUSA
_beng
042 _adc
100 1 _aStrang, Herbert
245 1 0 _aHeld by Chinese Brigands
_h[electronic resource] /
_cHerbert Strang
260 _bProject Gutenberg,
_c2012
506 _aPublic domain in the USA.
516 _aElectronic text
700 1 _aWalton, John de
830 0 _aProject Gutenberg
_v39254
856 4 0 _uhttp://www.gutenberg.org/ebooks/39254
942 _cEB
999 _c268507
_d268507